'J' Entertainment Images Quiz Stats

 Plays Quiz Updated Apr 20, 2018

Challenge
Share
Tweet
Score 0/25 Timer 04:00
5 Plays Today
% Correct
The Jungle Book
95.4%
Jack-in-the-Box
91.9%
Jaws
91.5%
Judge Judy
89.8%
Jimi Hendrix
89.6%
Jerry
89.5%
John Lennon
88.3%
Jeopardy!
86.8%
Jurassic Park
83.8%
Jump Rope
83.5%
Jay-Z
81.7%
Jasmine
81.3%
Jenga
81.2%
% Correct
Jessica Rabbit
80.2%
Jiminy Cricket
79.8%
Jacks
75.9%
Juno
75.8%
Jane Jetson
75.8%
The Jersey Shore
67.2%
The Jeffersons
62.4%
Joan Jett
61.6%
Julie & Julia
52.1%
Josh Groban
50%
Just Dance
43.1%
Justified
32.5%

You're not logged in!

Compare scores with friends on all Sporcle quizzes.
OR
Log In

You Might Also Like...

Show Comments

Extras

Top Quizzes Today


Score Distribution

Your Account Isn't Verified!

In order to create a playlist on Sporcle, you need to verify the email address you used during registration. Go to your Sporcle Settings to finish the process.

Report this User

Report this user for behavior that violates our Community Guidelines.

Details: